Ο μικρός Φιλιπόκ

Αποθηκεύτηκε σε:
Λεπτομέρειες βιβλιογραφικής εγγραφής
Κύριος συγγραφέας: Beneduce, Ann Keay (adpf)
Άλλοι συγγραφείς: Tolstoy, Leo, graf, 1828-1910, Spirin, Gennadii (Εικονογράφος), Αγγελίδου, Μαρία (trlf)
Μορφή: Βιβλίο
Γλώσσα:Greek
English
Δημοσίευση: Αθήνα : Παπαδόπουλος, 2001.
Θέματα:
Ετικέτες: Προσθήκη ετικέτας
Δεν υπάρχουν, Καταχωρήστε ετικέτα πρώτοι!

MARC

LEADER 00000cam a2200000 i 4500
001 1/68074
008 041209s2001 gr | ||| |||| ||gre||
020 |a 9604120719 
035 |l 10075704 
040 |a GR-MyUa  |b gre  |e AACR2  
041 1 |a gre  |h eng 
082 7 |a 891.733   |2 (21)  
100 1 |a Beneduce, Ann Keay,  |e adpf 
245 1 2 |a Ο μικρός Φιλιπόκ /   |c Λέων Τολστοϊ ; εικονογράφηση: Γκενάντι Σπίριν ; διασκευή: Αν Κη Μπένεντιους ; μετάφραση: Μαρία Αγγελίδου.  
260 |a Αθήνα :   |b Παπαδόπουλος,   |c 2001.  
300 |a [χ.α.] :   |b εικ. ;   |c 26 εκ.  
500 |a Τίτλος πρωτοτύπου: Philipok.  
600 1 0 |a Tolstoy, Leo,   |c graf,   |d 1828-1910. 
650 0 |a Schools  |x Fiction. 
651 0 |a Russia  |x Fiction. 
700 1 |a Tolstoy, Leo,   |c graf,   |d 1828-1910. 
700 1 |a Spirin, Gennadii,  |e ill 
700 1 |a Αγγελίδου, Μαρία,  |e trlf 
852 |a INST  |b RHODES  |e 20041209  |h 891.733 BEN  |p 005400018047  |q 005400018047  |t BK  |y 0 
901 |a BIBL4-2005-1 
922 |a 4ΕΛΗ  |b 200412  |c ΒΙΒΛΙΟΘΗΚΗ  |d ΔΕΝΤΡΟ 
950 |a 094 
970 |a Χοροζίδου  |b Τζένη   |z 2005/01/27